|
|
|
|
| LEADER |
00000nab a2200000 ar4500 |
| 001 |
vtls008702632 |
| 003 |
SK-MaSNL |
| 005 |
20260304205812.0 |
| 008 |
060522c2005 xo |||| | | 000 b|slo |
| 015 |
|
|
|a SNBRB2006/05
|2 snkbucl
|
| 038 |
|
|
|a SNKBUCL
|
| 040 |
|
|
|a SNKBUCL
|b slo
|c SNKBUCL
|e AACR2
|
| 041 |
0 |
|
|a slo
|
| 044 |
|
|
|a xo
|c SK
|
| 080 |
|
|
|a 616-002.17
|2 1997
|
| 100 |
1 |
|
|a Strandvik, Birgitta
|4 aut
|9 1540259
|
| 245 |
1 |
0 |
|a Pacient s cystickou fibrózou a jeho rodina
|c Birgitta Strandvik
|
| 650 |
0 |
7 |
|a cystická fibróza
|2 snkbucl
|9 29100
|
| 773 |
0 |
|
|t Humanita
|g Roč. XIV, č. 8 (2005)
|x 1336-2208
|
| 773 |
0 |
8 |
|i Príl.:
|t Humanita plus
|g Č. 8 (2005), s. 13-14
|
| 852 |
|
|
|a SNK
|b KIS3GCP
|
| 958 |
|
|
|a ME
|
| 999 |
|
|
|c 3122977
|d 3124907
|